Abuso sexual en las infancias y adolescencias (Registro nro. 8281)

Detalles MARC
000 -LEADER
fixed length control field 01142 a2200217 4500
001 - CONTROL NUMBER
control field 63721
005 - DATE AND TIME OF LATEST TRANSACTION
control field 20260407155935.0
008 - FIXED-LENGTH DATA ELEMENTS--GENERAL INFORMATION
fixed length control field 260407a2025 arg spa d
003 - CONTROL NUMBER IDENTIFIER
control field AR-UNSa-BCEJYS
040 ## - CATALOGING SOURCE
Original cataloging agency AR-UNSa-BCEJYS
Language of cataloging spa
Transcribing agency AR-UNSa-BCEJYS
080 ## - UNIVERSAL DECIMAL CLASSIFICATION NUMBER
Universal Decimal Classification number 343.54
Common auxiliary subdivision Delitos contra las buenas costumbres, la familia y la moralidad (Abusos deshonestos. Rapto. Delitos sexuales contra disminuidos psíquicos. Abuso de la tutela. (Acoso sexual))<br/>
041 ## - LANGUAGE CODE
Language code of text/sound track or separate title spa
100 1# - MAIN ENTRY--PERSONAL NAME
Personal name Benaroya, Sergio Gustavo
245 10 - TITLE STATEMENT
Title Abuso sexual en las infancias y adolescencias
Name of part/section of a work Abordaje psicológico y legal
264 #1 - PRODUCTION, PUBLICATION, DISTRIBUTION, MANUFACTURE, AND COPYRIGHT NOTICE
Place of production, publication, distribution, manufacture Mendoza :
Name of producer, publisher, distributor, manufacturer [s.e.]
Date of production, publication, distribution, manufacture, or copyright notice 2025
300 ## - PHYSICAL DESCRIPTION
Extent 180 p.
Dimensions 21 cm.
505 ## - FORMATTED CONTENTS NOTE
Formatted contents note 1. Maltrato infantil – 2. El abuso sexual – 3. Abuso s3xual infantil – 4. Medidas prácticas para actuar ante la sospecha – 5. Normativa legal. Su problemática – 6. La cámara gesell – 7. Referencias jurídicas relevantes – 8. Estudios neurológicos sobre abusadores –
590 ## - LOCAL NOTE (RLIN)
Local note niveau_biblio:m niveau_hierar:0
856 41 - ELECTRONIC LOCATION AND ACCESS
Uniform Resource Identifier <a href="https://www.biblioeco.unsa.edu.ar/pmb/images/libros/L129428.jpg">https://www.biblioeco.unsa.edu.ar/pmb/images/libros/L129428.jpg</a>
Link text Imagen de portada
Electronic format type image/jpeg
942 ## - ADDED ENTRY ELEMENTS (KOHA)
Koha item type
Existencias
Withdrawn status Lost status Damaged status Not for loan Home library Current library Shelving location Date acquired Total checkouts Full call number Barcode Date last seen Price effective from Koha item type
        Biblioteca Prof. Eusebio Cleto del Rey Biblioteca Prof. Eusebio Cleto del Rey   07/04/2026   343.54 B456 L129428 07/04/2026 07/04/2026 Libro